[Event "Tata Steel-A 75th"]
[Site "Wijk aan Zee"]
[Date "2013.01.20"]
[Round "8"]
[White "Van Wely, Loek"]
[Black "Nakamura, Hikaru"]
[Result "1/2-1/2"]
[WhiteElo "2679"]
[BlackElo "2769"]
[Annotator "Rogozenco,D"]
[PlyCount "134"]
[EventDate "2013.01.12"]
[EventType "tourn"]
[EventRounds "13"]
[EventCountry "NED"]
[EventCategory "20"]
[SourceTitle "CBM 153"]
[Source "ChessBase"]
[SourceDate "2013.03.14"]
[SourceVersion "1"]
[SourceVersionDate "2013.03.14"]
[SourceQuality "1"]

1. d4 Nf6 2. c4 e6 3. Nf3 Bb4+ 4. Bd2 a5 5. g3 d6 6. Bg2 Nbd7 7. O-O e5 8. Be3
exd4 9. Bxd4 O-O 10. a3 Bc5 11. Nc3 Re8 12. Qc2 c6 13. Rfd1 Qe7 14. h3 Ne5 {
This is a rather superficial centralisation: placing the knight in the centre
is visually good, but in reality deprives Black of queenside activity and it
will be White who'll get better play in the centre. Dies ist eine recht
oberflächliche Zentralisierung: Den Springer in der Mitte zu platzieren, ist
optisch gut, beraubt aber in Wirklichkeit Schwarz seiner Damenflügelaktivität,
und es wird der Weiße, der das bessere Spiel im Zentrum bekommt.} (14... Nb6 $1
{is stronger. The idea of this move is to provoke b2-b3 in order to be able to
get counterplay on the queenside by means of a5-a4. ist stärker. Die Idee
dieses Zuges lautet, b2-b3 zu provozieren, um mittels a5-a4 am Damenflügel
Gegenspiel bekommen zu können.} 15. Bxc5 ({Or Oder} 15. b3 a4 16. b4 Bxd4 17.
Rxd4 Be6 18. Nd2 Nfd7 $11 {[%cal Gd7e5]}) 15... dxc5 16. b3 a4 $132) 15. Bxc5 {
By exchanging on c5 White gets the mobile pawn majority in the centre. If he
had played 14...Nb6 here Black would have got counterplay on the queenside,
which he now doesn't. Durch Tauschen auf c5 erhält Weiß die mobile
Bauernmehrheit im Zentrum. Wenn er 14...Nb6 gespielt hätte, hätte Schwarz hier
Gegenspiel am Damenflügel bekommen, was jetzt nicht der Fall ist.} Nxf3+ (15...
dxc5 16. Nxe5 Qxe5 {is similar to the game. ist ähnlich der Partie.}) 16. Bxf3
dxc5 17. Bg2 Qe5 (17... Be6 18. Na4 $14 ({Here even Hier sichert sogar} 18. b3
$14 {secures White an edge, since Black does not control the a4-square for the
advance a5-a4. Weiß ein Plus, da Schwarz nicht das a4-Feld für den Vorstoß
a5-a4 kontrolliert.})) 18. e4 {White has an easy game by advancing the central
pawns. He intends f2-f4 followed by e4-e5. With his answer Black rightly
prevents it. Mit dem Vorrücken der Zentralbauern hat Weiß ein leichtes Spiel.
Er beabsichtigt f2-f4 nebst e4-e5. Mit seiner Antwort verhindert Schwarz dies
zu Recht.} g5 $1 {After this move such factors like kings' safety and
weaknesses of the pawn formation on the kingside will play a considerable role
for the correct evaluation of the position. Black must play very precisely to
justify this kingside pawn advance, which, however represents the best way to
fight against White's pawn majority in the centre. Nach diesem Zug werden
Faktoren wie Königssicherheit und Schwächen der Bauernformation am
Königsflügel für die korrekte Bewertung der Stellung eine Rolle erhebliche
spielen. Schwarz muss sehr präzise spielen, um diesen Bauernvorstoß am
Königsflügel zu rechtfertigen, welcher aber dennoch den besten Weg darstellt,
die weiße Bauernmajorität im Zentrum zu bekämpfen.} 19. Qd2 g4 (19... Be6 20.
f4 $36 gxf4 21. gxf4 Qh5 22. f5 $1 Bxc4 23. Qf4 Kh8 24. Rd6 Ng8 25. Bf3 Qxh3
26. Kf2 $18) 20. h4 (20. hxg4 $5 Bxg4 21. f3 Be6 22. f4 Qh5 23. e5 Ng4 24. Bf3
Bxc4 25. Ne4 $36) 20... Nd7 (20... Be6 $142 21. b3 {White is still slightly
better, but unlike in the game the position remains more complicated and Black
has more chances for counterplay. Weiß steht immer noch leicht besser, aber im
Gegensatz zur Partie bleibt die Stellung komplizierter, und Schwarz hat mehr
Chancen zu Gegenspiel.}) 21. Na4 $1 Nf8 (21... b5 22. cxb5 cxb5 23. Nc3 Rb8 (
23... b4 24. axb4 cxb4 25. Nd5) 24. Nd5 $16) 22. Qd6 $1 Qxd6 23. Rxd6 Ne6 24.
e5 Kg7 25. Re1 $14 {White is practically playing with a pawn up and although
his task in converting positional advantage is anything but simple; it is
clear that Black has a tough fight for the draw. Weiß spielt praktisch mit
einem Bauern mehr, und obwohl seine Aufgabe bei der Verwertung des
positionellen Vorteils alles andere als einfach ist, ist klar, dass Schwarz
ein harter Kampf ums Remis bevorsteht.} Ra6 26. Re4 h5 27. f3 gxf3 28. Bxf3 Rh8
29. Be2 b6 30. Kf2 Nd4 31. Bd1 Ne6 32. Be2 Nd4 33. Bd1 Ne6 34. Nc3 Ra7 35. Ne2
(35. Ba4 $16) 35... Rd7 36. Rxd7 Bxd7 37. Nf4 Nxf4 38. gxf4 Bf5 39. Re3 Rd8 40.
Bxh5 Rd2+ 41. Re2 Rd4 42. Kg3 Rxc4 43. Bg4 Bd3 44. Re3 Rd4 45. h5 c4 46. f5 Rd8
47. f6+ Kh6 48. e6 fxe6 49. Rxe6 Kg5 50. f7 ({Possibly White missed that after
Womöglich übersah Weiß, dass nach} 50. Rxc6 Be4 {(threatening check on d3) he
has (drohend Schach auf d3) er die Möglichkeit hat} 51. Re6 $1 (51. Rxb6 $2
Rd3+ 52. Kf2 Kxg4 {[%cal Gd3f3]}) 51... Rd3+ 52. Kf2 $18) 50... Rf8 51. Rxc6
Rxf7 52. Rxb6 Rf1 53. Rb5+ Kh6 54. Rxa5 Rb1 55. Kf4 Rxb2 56. Ra6+ Kg7 57. Ke3
Rg2 58. Bf3 Rg3 59. a4 Kh7 60. Rc6 Bc2 61. Rxc4 Bd1 62. Rf4 Rxf3+ 63. Rxf3 Bxa4
64. Rf6 Be8 65. h6 Bg6 66. Rxg6 Kxg6 67. h7 Kxh7 1/2-1/2

[Event "EU-Cup 28th"]
[Site "Eilat"]
[Date "2012.10.12"]
[Round "2.1"]
[White "Roiz, Michael"]
[Black "Gofshtein, Leonid D"]
[Result "1-0"]
[WhiteElo "2618"]
[BlackElo "2480"]
[Annotator "Roiz,M"]
[PlyCount "105"]
[EventDate "2012.10.11"]
[EventType "team-swiss"]
[EventRounds "7"]
[EventCountry "ISR"]
[SourceTitle "CBM 151"]
[Source "ChessBase"]
[SourceDate "2012.11.13"]
[SourceVersion "1"]
[SourceVersionDate "2012.11.13"]
[SourceQuality "1"]
[WhiteTeam "Beer Sheva"]
[BlackTeam "Petah Tikva"]
[WhiteTeamCountry "ISR"]
[BlackTeamCountry "ISR"]

1. d4 d5 2. c4 e6 3. Nf3 Nf6 {Leonid is a very experienced player with a
flexible opening repertoire,so it wasn't easy to predict his choice.} 4. g3
Bb4+ ({We had an interesting battle few years ago in another popular line:} 
4... dxc4 5. Bg2 Nc6 6. Qa4) 5. Bd2 Be7 6. Bg2 c6 7. Qc2 b6 8. O-O Bb7 9. Rd1
O-O 10. b3 ({The main line starts with} 10. Bf4 Nbd7 11. Nc3 dxc4 12. Nd2 Nd5
13. Nxc4 Nxf4 14. gxf4 Qc7 {but recently White has not been able to pose real
problems here.}) 10... Nbd7 11. Nc3 {This order of moves is becoming more and
more popular.} c5 {This leads to a solid position with a small advantage for
White.} ({In the following recent games Black didn't acheve full equality:} 
11... Rc8 12. e4 dxe4 (12... c5 13. exd5 exd5 14. Be3 dxc4 15. d5 $1 Ng4 16.
Bf4 Bf6 17. bxc4 $14 {1-0 Grandelius,N (2562)-Firat,B (2423)/Athens GRE 2012 
(36)}) 13. Nxe4 c5 14. Nxf6+ Bxf6 15. Ng5 Bxg5 16. Bxb7 Rc7 17. Be4 f5 18. Bg2
Bf6 19. Bc3 cxd4 20. Bxd4 Qe7 21. Qe2 e5 22. Bb2 e4 23. Rd5 Ne5 24. Rad1 Nd3
25. Bxf6 Qxf6 26. f3 $14 {1/2-1/2 Cheparinov,I (2677)-Halkias,S (2570)/
Helsingor DEN 2012 (41)}) 12. cxd5 Nxd5 13. Nxd5 {That was played rapidly.} ({
However, I had at my disposal an alternative worth considering:} 13. e4 Nb4 (
13... Nxc3 14. Bxc3 cxd4 15. Nxd4 Rc8 16. Qb2 Qe8 17. Nb5 Nc5 18. a4 $14) 14.
Qb1 cxd4 15. Nxd4 a6 16. Be3 Rc8 17. Qb2 $14 {1-0 Gretarsson,H (2398)-Buss,R 
(2433)/Khanty Mansiysk 2010/CBM 139 (31)}) 13... exd5 {So,we got the classical
''hanging pawns''.} ({After} 13... Bxd5 14. e4 Bb7 15. d5 exd5 16. exd5 Bf6 17.
Rac1 $14 {White is obviously better due to a strong passed d-pawn.} {The
attempt to take it immediately fails to:} Bxd5 18. Bf4 Be6 19. Ne5 Rc8 20. Nc6
$16) 14. Bc3 {Now Black has to find a safe place for his queen.} (14. Rac1 $5
Rc8 15. Bf4 cxd4 16. Qd2 $14) 14... Qc7 (14... Bf6 15. Rac1 Rc8 16. Qb2 Re8 17.
e3 Qe7 18. Ne1 $14) 15. dxc5 {A small inaccuracy. Black gets a nice square on
b6.} ({For some reasons,i have rejected} 15. Rac1 c4 {but white keeps a better
pawn structure in that case too:} 16. bxc4 Qxc4 17. Bh3 $14) 15... bxc5 16.
Rac1 Qb6 17. e3 {That should be played sooner or later, since Black is ready
to push d5-d4.} Rfd8 18. Qb2 $6 {[%csl Rb2] That is just a loss of time. There
is nothing the queen can achieve there, but I realised that only after I made
the move.} ({I should just put pressure on his central pawns by:} 18. Ne1 Nf6
19. Bxf6 Qxf6 20. Nd3 $14) 18... Nf6 19. Ne1 a5 {The most logical - Black is
getting rid of his weak Pa7 and opening the file for his rook.} ({Leonid could
also try to punish me by means of:} 19... g6 $5 20. Qe2 Ne4 21. Ba1 Rac8 $11)
20. Be5 {I just tried to keep control of the long diagonal,but the bishop was
vulnerable on c3.} (20. Nd3 d4 21. exd4 cxd4 22. Bd2 Bxg2 23. Kxg2 Nd5 $11)
20... Ne8 {Avoiding a nice tactical trap.} ({After} 20... a4 $6 21. Nd3 axb3 {
I could exploit the weakness of his pawns by:} 22. Bxf6 $1 gxf6 (22... Bxf6 23.
Qxb3 Qxb3 24. axb3 $16) 23. axb3 $14) 21. Qc2 $1 {Admitting my previous
mistake. Finally my pieces get harmony back, so White is still somewhat better.
} ({After} 21. Nd3 f6 22. Bc3 d4 23. exd4 Bxg2 24. Kxg2 cxd4 25. Be1 Nd6 $11 {
Black should be able to equalise due to his strong Pd4.}) 21... a4 (21... f6
22. Bc3 Nc7 23. Nd3 Ne6 24. Nb2 $14) 22. Nd3 {I was under some time pressure,
so I didn't want to change the character of position.} ({However, it was
possible to increase the unpleasant pressure on Pd5 by:} 22. bxa4 $5 Bc6 (22...
Qa5 23. Nd3 c4 24. Nb2 $14) 23. Qb3 $1 Qa6 24. Rxd5 Bxd5 25. Bxd5 Rxd5 26. Qxd5
Qxa4 27. Rc2 $14) 22... axb3 23. axb3 (23. Qxb3 $5 Qa7 (23... Qxb3 24. axb3 f6
25. Ba1 Ra5 26. Nf4 $16) 24. Nf4 $14) 23... d4 (23... Rac8 24. Bh3 Rc6 25. Nb2
Nf6 26. Na4 Qa7 27. Bg2 $14) 24. Bxb7 Qxb7 25. exd4 cxd4 {It looks like Black
is just fine, but actually White's pieces are better placed, while the Pd4 may
become weak.} 26. b4 $1 $14 {An important move. Now White has a good square on
b3 for his queen.} Ra3 (26... Rac8 27. Qb3 $14) 27. Qc4 Qd5 $2 {[%mdl 8192] A
serious blunder - Black just loses a pawn.} (27... Qe4 28. Bf4 Bf6 $14) 28.
Qxd5 Rxd5 29. Rc8 Kf8 30. Bxg7+ {Is that what Leonid missed?} Kxg7 31. Rxe8 Rd7
{Mistakes don't come alone.} ({It was still possible to hold on though a pawn
down:} 31... Bd8 32. Kg2 Rd6 $16) 32. Ne5 Rb7 33. Rxd4 Bxb4 {I had a feeling
that must be a way to win one more pawn, but I had just few minutes left on my
clock.} 34. Rg4+ Kf6 35. Rf4+ $2 $138 ({I failed to find a nice winning idea:} 
35. Nc4 Ra1+ 36. Kg2 {and Black has no good defence against 29.Ne3. For
instance,} h5 (36... Rb5 37. Rf4+ Kg7 38. Ne5 Rb7 39. Nxf7 $18) 37. Rf4+ Kg7
38. Re5 Kg6 39. Rh4 $18) 35... Kg7 36. Rg4+ Kf6 37. Rh4 Re7 $1 {Now Black is
in the game!} 38. Ng4+ Kg7 39. Rxe7 ({Perhaps it was better to keep both rooks
on the board:} 39. Rc8 $5) 39... Bxe7 40. Rh5 Rc3 41. Re5 Kf8 42. Kg2 f6 43.
Rb5 Kf7 44. Rb7 h5 ({Black could also keep his pawn on h7:} 44... Ke6 45. Ne3
Bc5 $16) 45. Ne3 Rc5 46. Kf3 Re5 $2 {I was happy to see that move during the
game. Now the rook is misplaced, so White gets an important tempo.} (46... Ra5
$16 47. Ng2 $140 Ra3+) 47. Ng2 {[%csl Rh5][%cal Gg2f4] That is the point!
Black has no check from the 3th rank, so the knight gets an ideal outpost.} Kg6
(47... Rc5 48. Nf4 Ke8 (48... h4 49. gxh4 Ke8 50. h5 $18) 49. Rb8+ Kf7 50. Rh8
Bd6 51. Rh7+ Kg8 52. Rxh5 $18) 48. Nf4+ Kh6 ({The Ph5 would be lost after:} 
48... Kf7 49. h4 Ra5 50. Rd7 Rc5 51. Rd5 Rxd5 52. Nxd5 Bf8 53. Nf4 $18) 49. h4
Bd6 50. Rd7 ({An easier way would be:} 50. Rb6 Be7 51. Rb8 Kg7 52. Re8 $18)
50... Bf8 (50... Be7 51. Rd5 Rxd5 52. Nxd5 Bd8 53. Ke4 Kg6 54. Nf4+ Kh6 55. Kf5
$18) 51. Rf7 Be7 (51... Bg7 {would put up more resistance:} 52. Rd7 Rc5 ({
I shouldn't miss once more:} 52... Bf8 53. Rd8 $18) 53. Rd5 Rxd5 54. Nxd5 $18
Kg6 55. Nf4+ Kh6 56. Ke4 $18 (56. Ne6 Bh8 57. Ke4 $18)) 52. Kg2 {Black has no
useful moves and finally loses a pawn.} f5 (52... Bd8 53. Rf8 Be7 54. Rh8+ Kg7
55. Rxh5 f5 56. g4 $18) 53. Nd3 {Black resigns. In fact, he could try 53...Rd5,
but I would play 54.Nf4 Re5 55.Kf3, winning according to the my previous note.}
(53. Kf3 Bc5 54. Rf6+ Kh7 55. Nxh5 $18) 1-0

[Event "EU-Cup 34th"]
[Site "Porto Carras"]
[Date "2018.10.17"]
[Round "6.6"]
[White "Roiz, Michael"]
[Black "Malikentzos, Sotirios"]
[Result "1-0"]
[WhiteElo "2607"]
[BlackElo "2441"]
[Annotator "Roiz,M"]
[PlyCount "71"]
[EventDate "2018.10.12"]
[EventType "team-swiss"]
[EventRounds "7"]
[EventCountry "GRE"]
[SourceTitle "CBM 187"]
[Source "ChessBase"]
[SourceDate "2018.12.11"]
[SourceVersion "1"]
[SourceVersionDate "2018.12.11"]
[SourceQuality "1"]
[WhiteTeam "Beer Sheva"]
[BlackTeam "Thessaloniki ES"]
[WhiteTeamCountry "ISR"]
[BlackTeamCountry "GRE"]

1. c4 e6 2. g3 d5 3. Bg2 Nf6 4. d4 ({My opponent has a wide experience in the
positions that arise after} 4. Nf3 dxc4 {, so I entered the main Catalan.})
4... Bb4+ 5. Bd2 a5 6. Qc2 {I tried to deviate from the well-explored
theoretical line of the Catalan,} ({which arises after} 6. Nf3 dxc4) 6... O-O (
{Deserving some attention is} 6... Nc6 7. Nf3 dxc4 8. Qxc4 Qd5 9. Qd3 Qf5 10.
Qxf5 exf5 {White is somewhat better here, but as in Romanishin's line in the
Nimzo Black's setup is very solid.}) 7. Nf3 dxc4 ({In case of} 7... Nc6 8. O-O
dxc4 9. Qxc4 Qd5 10. Rc1 Rd8 11. e3 {Black faces the usual problems with the
development of Bc8.}) ({Another common way of handling the position is} 7... c5
8. cxd5 cxd4 9. Nxd4 Qb6 10. e3 exd5 11. O-O Nc6 12. Nxc6 bxc6 {, but in my
opinion, Black doesn't have sufficient compensation for his structural
drawbacks.}) 8. Qxc4 Bxd2+ 9. Nbxd2 (9. Nfxd2 {crossed my mind, but after} Nbd7
10. O-O e5 {Black is close to equalizing.}) 9... b6 {We reached an interesting
and relatively unexplored position.} 10. Qc2 (10. Ne5 {is what my opponent
faced in his preceding encounter:} Ra7 11. Ndf3 Ba6 12. Qc2 c5 13. dxc5 Rc7 14.
c6 Qd6 15. Rd1 Nd5 16. O-O Nxc6 {Black has nothing to worry about in Gaehwiler,
G - Malikentzos,S Porto Carras GRE 2018}) ({Deserving serious attention is also
} 10. Rc1 $5 Ra7 11. Qc2 c5 12. dxc5 Rc7 13. Qb3 (13. O-O Rxc5 $11 {Toth,D -
Barabas,T Hungary 2013}) 13... Nfd7 14. O-O Rxc5 15. Ne4 {with slight, but
long-lasting pressure.}) 10... Ba6 $146 {This move is aimed for preventing
White from castling, but covering the long diagonal seems more important.} ({
The previously played} 10... Bb7 {looks safer, though it might not fully solve
the problems:} 11. O-O Nbd7 12. Nc4 Be4 13. Qd2 Qe7 14. Rac1 Rfd8 15. Qf4 $14 {
Goryachkina,A - Monnisha,G Caldas Novas 2011}) 11. Ne4 Nxe4 ({In case of} 11...
Nbd7 12. Nxf6+ Nxf6 13. Ne5 Nd5 14. Nc6 Qd6 15. a3 $14 {The presense of Nc6 in
Black's camp is rather annoying.}) 12. Qxe4 Ra7 {Black managed to remove all
of his pieces from the long diagonal, but the location of his rook is awkward
now.} (12... Nd7 13. Ne5 Rc8 14. Nc6 Bb7 15. O-O $14) 13. O-O Nd7 14. Qe3 Bb7 {
Eventually Sotirios decides to neutralize the pressure along h1-a8 diagonal.} (
{I was mainly expecting} 14... c5 15. dxc5 Nxc5 16. Ne5 Rc7 17. Rfd1 Qe7 18.
Rd2 $14 {White is firmly in a control, but Black is still quite solid.}) 15.
Rfd1 Qa8 {Alas, it's difficult to find a better spot for the queen.} ({After} 
15... Qe7 16. Rac1 c5 17. d5 $1 $16 {White's advantage is undisputable.}) 16.
Rac1 c5 $6 {This advance is definitely premature.} ({It was better to maintan
the tension by means of} 16... Rc8 17. Ne1 Bxg2 18. Nxg2 c5 19. dxc5 Nxc5 (
19... Rxc5 20. Rd6 $36) 20. Rd6 Rc6 $14) 17. dxc5 Nxc5 18. Rd6 Bc6 19. Ne1 {
[%mdl 8192] Now the Rf8 isn't in time to join the play.} Rc7 $2 {A decisive
mistake.} ({Correct was} 19... Bxg2 20. Nxg2 Qb8 21. Rcd1 h6 22. Nf4 $16 {
Black is very passive, but White has to find a way of making progress.}) 20.
Rxc6 Rxc6 21. Nd3 {The pin is so strong, that Black cannot avoid the loss of
pawn.} Qc8 22. Bxc6 Qxc6 23. Nxc5 bxc5 24. Rxc5 {White has both the material
and the positional advantage.} Qb7 25. Rxa5 {The simplest - the a-passer would
decide the game.} Qxb2 26. Qf3 Qb8 ({After} 26... g6 {I was planning to trade
the rooks:} 27. Ra8 Kg7 28. Rxf8 Kxf8 29. Qa8+ Ke7 30. e4 h5 31. h4 $18) 27. a4
h6 28. Rb5 Qe8 ({More stubborn was} 28... Qa8 29. Qxa8 Rxa8 30. Rb4 Kf8 31. Kf1
Ke7 32. Ke1 Kd6 {but after} 33. Rb7 $1 Rxa4 34. Rxf7 g6 35. f3 {White's task
isn't very tough either}) 29. Qb7 Qd8 30. a5 {It wasn't a pity to give up the
extra pawn!} Qd1+ 31. Kg2 Qxe2 32. a6 {The rest is just an agony.} Qa2 33. a7
Qa4 34. Rb6 Qe8 35. Qb8 Qa4 36. Qxf8+ 1-0